| 000 | 00771nam a22002057a 4500 | ||
|---|---|---|---|
| 999 |
_c18140 _d18140 |
||
| 003 | AR-CdUCM | ||
| 008 | 190513b ||||| |||| 00| 0 spa d | ||
| 040 |
_aMUNICIPALIDAD PROVINCIAL DEL CUSCO _cBIBLIOTECA MUNICIPAL DEL CUSCO |
||
| 082 |
_a129.82 / _bK76 |
||
| 100 |
_aKorn, Alejandro _938550 |
||
| 245 | _aFilósofos y sistemas / | ||
| 260 |
_aBuenos Aires : _bClaridad, |
||
| 300 |
_a180 páginas ; _c19 cm. |
||
| 440 |
_aColección claridad. _99379 |
||
| 505 | _aContenido :Semblanza de Alejandro Korn -- Introducción al estudio de Kant -- Bergson en la filosofía contemporánea -- Eistein y la filosofía -- Hermann Keyserling ... | ||
| 650 |
_aFilosofía. _9395 |
||
| 650 |
_aSistemas y doctrinas. _938551 |
||
| 942 |
_2ddc _cLIBROS |
||
| 945 |
_arum _d2019-05-13 |
||